| 000 | 00452nam a22001457a 4500 | ||
|---|---|---|---|
| 008 | 230605b xxu||||| |||| 00| 0 eng d | ||
| 082 |
_a327.17205 _bJBR |
||
| 110 | _d2007 | ||
| 245 |
_aPeace & Change _bA Journal of Peace Research _cPeace History Society and Peace and Justice Studies Association |
||
| 260 |
_aUnited Kingdom _bBlackwell Publishing _c2007 |
||
| 300 | _a253 p | ||
| 440 |
_n2 _pApril _v32 _x14680130 |
||
| 500 | _aPictures | ||
| 942 |
_2ddc _cBK |
||
| 999 |
_c433 _d433 |
||